000 00810nam a22001697a 4500
005 20260316101824.0
020 _a978-3-0365-6667-2 (PDF)
082 _aE book
100 _aPinto Fernandes, Célio Bruno, Ed.
_aFaroughi, Salah Aldin, Ed.
_aFerrás, Luís L., Ed.
_aAfonso, Alexandre M., Ed.
245 _a Advanced Polymer Simulation and Processing-Volume II
260 _aSwitzerland
_bMDPI
_c2023
300 _a470p.
500 _aThis is a reprint of articles from the Special Issue published online in the open access journal Polymers (ISSN 2073-4360) (available at: https://www.mdpi.com/journal/polymers/special_issues/Polym_ Simul_Process).
650 _aPolymer simulation
856 _uhttps://mdpi-res.com/bookfiles/book/6871/Advanced_Polymer_Simulation_and_Processing.pdf?v=1773626833
942 _cEB
999 _c75886
_d75886